|
|
|
|
| LEADER |
01223nam a2200265 a 4500 |
| 001 |
31073783 |
| 008 |
090512s1994 enkab b 001 0 eng d |
| 020 |
|
|
|a 0850032024
|
| 040 |
|
|
|a DJB
|c DJB
|d EQF
|
| 082 |
0 |
0 |
|a 634.9
|2 20
|
| 245 |
0 |
4 |
|a The Organisation of small-scale tree nurseries :
|b studies from Asia, Africa and Latin America /
|c Edwin Shanks and Jane Carter ... [et al.]
|
| 260 |
|
|
|a London :
|b Rural Development Forestry Network, Overseas Development Institute,
|c 1994.
|
| 300 |
|
|
|a xii, 144 p. :
|b ill., maps ;
|c 25 cm.
|
| 490 |
1 |
|
|a Rural development forestry study guide ;
|v 1.
|
| 500 |
|
|
|a Includes case studies from Bolivia, Kenya, Nepal, Sudan, Tanzania and Vietnam.
|
| 504 |
|
|
|a Includes bibliographical references (p. 131-137) and indexes.
|
| 541 |
1 |
|
|e 00006040
|
| 650 |
|
0 |
|a Forest nurseries
|x Case studies.
|
| 650 |
|
0 |
|a Forestry projects.
|
| 700 |
1 |
|
|a Shanks, Edwin.
|
| 700 |
1 |
|
|a Carter, Jane
|q (E. Jane)
|
| 710 |
2 |
|
|a Rural Development Forestry Network (Overseas Development Institute)
|
| 852 |
4 |
|
|a <add your library>
|j <shelf mark>
|
| 999 |
|
|
|c 624
|d 624
|
| 952 |
|
|
|0 0
|1 0
|2 ddc
|4 0
|6 634_900000000000000_ORG
|7 0
|9 574
|a BRACUL
|b BRACUL
|c GEN
|d 2009-05-12
|g 1232.00
|l 0
|o 634.9 ORG
|p 3010006040
|r 2009-05-12
|t 1
|w 2009-05-12
|y BK
|